Ofulue v Bossert (Record no. 80070)
[ view plain ]
| 000 -LEADER | |
|---|---|
| fixed length control field | 01835cab a22002295a 4500 |
| 001 - CONTROL NUMBER | |
| control field | L143147 |
| 008 - FIXED-LENGTH DATA ELEMENTS--GENERAL INFORMATION | |
| fixed length control field | 080410e20080129xxk f v 000 0 eng d |
| 035 ## - SYSTEM CONTROL NUMBER | |
| System control number | (Sirsi) u143147 |
| 041 0# - LANGUAGE CODE | |
| Language code of text/sound track or separate title | eng |
| 245 00 - TITLE STATEMENT | |
| Title | Ofulue v Bossert |
| Medium | [electronic resource] |
| 260 ## - PUBLICATION, DISTRIBUTION, ETC. | |
| Date of publication, distribution, etc. | 2008 |
| 520 ## - SUMMARY, ETC. | |
| Summary, etc. | [2008] EWCA Civ 7, 29 January 2008. Considers whether an appeal against the acquisition of a property by adverse possession should follow or be distinguished from the case of Pye Ltd v United Kingdom (L131742). O appealed against a decision granting B adverse possession of a property previously owned by them. The property had been in a state of disrepair when O discovered B and her father residing in the property and asked them to leave. O was unable to initiate proceedings, but did so six years later having made two further demands to vacate. B's father had countered that he had made significant improvements but died before the case was brought. However B had made offer to purchase the property in a without prejudice letter and claimed to be a tenant. O argued this showed B's acceptance of O's ownership. "Held": To gain adverse possession B merely had to show intention to own the property. O had objected to B's residence, but had also slept on their rights. B had continually pleaded adverse possession and her letters and acknowledgment of O's claim did not amount to admission that O had a better claim of possession. Appeal dismissed. |
| 590 ## - LOCAL NOTE (RLIN) | |
| Local note | KA |
| 650 24 - SUBJECT ADDED ENTRY--TOPICAL TERM | |
| Topical term or geographic name entry element | OFULUE AND ANOR V BOSSERT |
| 650 24 - SUBJECT ADDED ENTRY--TOPICAL TERM | |
| Topical term or geographic name entry element | PYE (OXFORD) LTD & ANOR V UNITED KINGDOM |
| 650 24 - SUBJECT ADDED ENTRY--TOPICAL TERM | |
| Topical term or geographic name entry element | PYE V GRAHAM |
| 650 24 - SUBJECT ADDED ENTRY--TOPICAL TERM | |
| Topical term or geographic name entry element | LAND REGISTRATION ACT 2002 |
| 650 24 - SUBJECT ADDED ENTRY--TOPICAL TERM | |
| Topical term or geographic name entry element | LIMITATION ACT 1990 S29 |
| 651 #4 - SUBJECT ADDED ENTRY--GEOGRAPHIC NAME | |
| Geographic name | England and Wales |
| Chronological subdivision | 1543- |
| 856 40 - ELECTRONIC LOCATION AND ACCESS | |
| Uniform Resource Identifier | <a href="https://www.bailii.org/ew/cases/EWCA/Civ/2008/7.html">https://www.bailii.org/ew/cases/EWCA/Civ/2008/7.html</a> |
| Public note | View the item free of charge at www.bailii.org... |
| 942 ## - ADDED ENTRY ELEMENTS (KOHA) | |
| Suppress in OPAC | 0 |
| Withdrawn status | Lost status | Source of classification or shelving scheme | Damaged status | Not for loan | Home library | Current library | Shelving location | Date acquired | Total Checkouts | Full call number | Barcode | Date last seen | Copy number | Price effective from | Koha item type |
|---|---|---|---|---|---|---|---|---|---|---|---|---|---|---|---|
| Dewey Decimal Classification | Virtual | Virtual | Online | 10/04/2008 | ONLINE PUBLICATION | 143147-1001 | 06/08/2019 | 1 | 06/08/2019 | Law report |